| Registos Bibliográficos associados ao registo de autoridade |
|
Etiqueta de registo: 00230nas 2200025 450 001 1810437 003 http://id.bnportugal.gov.pt/bib/catbnp/1810437 011 ## $a2184-2531$f2184-2531 100 ## $a20120420a20099999k a0pory01030103ba 101 0# $apor 102 ## $aPT 106 ## $ar 110 ## $aajazz 0uu0 200 1# $aBrigada de Intervenção$erevista$fdir. José Carlos Filipe Antunes Calçada$gpropr. Brigada de Intervenção 210 #9 $aCoimbra$cBrigada de Intervenção,$d[2009]- 215 ## $d30 cm 303 ## $aDescrição baseada em: a. 5, nº 7 (Dez. 2011) 326 ## $aSemestral 530 1# $aBrigada de Intervenção$b(Coimbra) 620 ## $dCoimbra 675 ## $a355.31(469)(051)$vBN$zpor$31496675 702 #1 $aCalçada,$bJosé Carlos Filipe Antunes,$f1959-$4300$3928716 712 01 $aPortugal.$bExército.$bBrigada Ligeira de Intervenção$4650$31121772 801 #0 $aPT$bBN$gRPC 802 ## $a18 900 ## $aBIBNAC$d20120604 966 ## $lBN$mFGREV$sP.P. 30764 V. 995 ## $aR-ISSN $d20180521$ilrevez
Etiqueta de registo: 00230nam 2200025 450 001 1750998 003 http://id.bnportugal.gov.pt/bib/catbnp/1750998 010 ## $a978-989-8219-01-5 021 ## $aPT$b289274/09 100 ## $a20100713d2009 m y0pory0103 ba 101 0# $apor 102 ## $aPT 105 ## $aa z 001yy 106 ## $ar 200 1# $a A cavalaria na Guerra Peninsular$fAlexandre de Sousa Pinto, José Carlos Antunes Calçada, Paulo Jorge Lopes da Silva 210 #9 $aLisboa$cTribuna da História,$d2009 215 ## $a152 p.$cil.$d29 cm 225 2# $aHistória militar.$iGuerra Peninsular 320 ## $aBiblografia, 143-146 675 ## $a357.1(469)"1807/1813"$vBN$zpor$31434460 675 ## $a355.48(46)"1807/1813"$vBN$zpor$3919414 675 ## $a94(469)"1807/1813"$vBN$zpor$3919416 700 #1 $aPinto,$bAlexandre de Sousa,$f1941-$31358461 701 #1 $aSilva,$bPaulo Jorge Lopes da$4070$31427554 701 #1 $aCalçada,$bJosé Carlos Filipe Antunes,$f1959-$4070$3928716 801 #0 $aPT$bBN$gRPC 900 ## $aBIBNAC$d20101018 966 ## $lBN$mFGMON$sS.C. 122517 V.$x1 966 ## $lBN$mFGMON$sS.C. 122517 V.-D$x1
Etiqueta de registo: 00254nam 2200025 450 001 2286808 003 http://id.bnportugal.gov.pt/bib/catbnp/2286808 010 ## $a978-989-36031-6-1 021 ## $aPT$b560088/26 100 ## $a20260525d2026 m y0pory01030103ba 101 0# $apor 102 ## $aPT 105 ## $ay z 000yy 106 ## $ar 200 1# $a Uma vida$epalavras à solta$fJosé Carlos Antunes Calçada 205 ## $a1ª ed 210 #9 $aFaro$cSílabas & Desafios,$d2026 215 ## $a206 p.$d21 cm 700 #1 $aCalçada,$bJosé Carlos Filipe Antunes,$f1959-$3928716 801 #0 $aPT$bBN$gRPC 966 ## $lBN$mFGMON$x1 971 ## $cabrito$d20260525
Etiqueta de registo: 00719cam 2200229 450 001 1011670 003 http://id.bnportugal.gov.pt/bib/catbnp/1011670 005 20000327113100.0 021 ## $aPT$b128823/98 100 ## $a20000201d1998 m y0pory0103 ba 101 0# $apor 102 ## $aPT 105 ## $aa z 001yy 106 ## $ar 200 1# $aElementos de táctica$econtributo para uma teoria geral$fJosé Carlos Filipe Antunes Calçada 210 #9 $a[Lisboa]$cInstituto de Altos Estudos Militares,$d1998 215 ## $a133, [3] p.$ci.$d22 cm 320 ## $aBibliografia, p. 129-132 606 ## $2SIPOR$3930771 675 ## $a355.4(042)$vBN$zpor$3809626 700 #1 $aCalçada,$bJosé Carlos Filipe Antunes,$f1959-$3928716 801 #0 $aPT$bBN$gRPC 966 ## $lBN$mFGMON$sS.C. 84051 V.$x1 966 ## $lBN$mFGMON$sS.C. 84051 V.$x1
Etiqueta de registo: 00254nam 2200025 450 001 2171264 003 http://id.bnportugal.gov.pt/bib/catbnp/2171264 010 ## $a978-989-35605-4-9 021 ## $aPT$b531609/24 100 ## $a20240628d2024 m y0pory01030103ba 101 0# $apor 102 ## $aPT 105 ## $ay z 000yy 106 ## $ar 200 1# $a25 de abril - crónica de um país sempre adiado$eautópsia de uma revolução morta à nascença$ftexto e fot. Pedro Esgalhado$gpref. José Antunes Calçada 205 ## $a1ª ed 210 #9 $aPorto$cFronteira do Caos,$d2024 215 ## $a253 p.$d23 cm 675 ## $a94(469)$vBN$zpor$31565134 675 ## $a323.2(469)"1974"(091)$vBN$zpor$3618252 700 #1 $aEsgalhado,$bPedro,$f1963-$31524301 702 #1 $aCalçada,$bJosé Carlos Filipe Antunes,$f1959-$4080$3928716 801 #0 $aPT$bBN$gRPC 856 41 $uhttp://rnod.bnportugal.gov.pt/ImagesBN/winlibimg.aspx?skey=&doc=2171264&img=196017&save=true 900 ## $aBIBNAC$d20240820 966 ## $lBN$mFGMON$sH.G. 87150 V.$x1 966 ## $lBN$mFGMON$sH.G. 87150 V.-D$x1 971 ## $cssilva$d20240628 972 ## $e0$z0$d20240820$vmsebas 973 ## $cacosta$d20240717
|
|
|